Statystyki dla Norwescy skoczkowie z podium w pś w skokach

Kliknij tutaj aby rozwiązać quiz!

Ogólne statystyki

  • Ten quiz został rozwiązany 71 razy
  • Średni wynik to 13 z 49

Statystyki odpowiedzi

SkoczekLiczba podiów% Poprawnych
Halvor Egner Granerud41
94%
Daniel Andre Tande27
90%
Johann Andre Forfang15
86%
Robert Johansson16
81%
Anders Bardal34
76%
Marius Lindvik21
71%
Anders Fannemel12
65%
Bjorn Einar Romoren22
59%
Roar Ljokelsoy32
59%
Anders Jacobsen28
56%
Rune Velta6
54%
Tom Hilde15
52%
Andreas Stjernen8
44%
Espen Bredesen21
44%
Hroar Stjernen5
43%
Kenneth Gangnes9
41%
Johan Remen Evensen6
33%
Lars Bystol4
29%
Sigurd Pettersen11
27%
Tommy Ingebrigtsen5
24%
Vegard Opaas17
21%
Joachim Hauer1
17%
Trond Joran Pedersen1
17%
Roger Ruud16
14%
Oyvind Berg1
13%
Rolf Age Berg3
13%
Kristian Brenden8
8%
Lasse Ottesen9
8%
Ole Gunnar Fidjestol11
8%
Per Bergerud15
8%
Dag Holmen Jensen1
6%
Bjorn Myrbakken2
5%
Clas Brede Brathen1
5%
Johan Saetre9
5%
Kent Johanssen2
5%
Olav Hansson11
5%
Ole Christian Eidhammer2
5%
Steinar Braten4
5%
Tom Christiansen1
5%
Erik Johnsen6
3%
Jon Eilert Bogseth1
3%
Ole Bremseth12
3%
Sturle Holseter1
3%
Tom Levorstad1
3%
Eirik Halvorsen1
2%
Halvor Asphol1
2%
Halvor Persson1
2%
Ivar Mobekk4
2%
Jon Inge Kjorum3
2%

Rozkład punktacji

Percentyl według liczby udzielonych odpowiedzi

Procent ludzi z każdym wynikiem

Twoja historia wyników

Nie rozwiązałeś tego quizu